000 00672nam0a22002411 4500
001 rc\327885
005 20250621040008.0
010 _a5-7745-0027-6
_915000
035 _a(NLR Aleph) 005561617
090 _a5917507
_c5917507
100 _a20030307d1989 |||y0rusy50 ca
101 0 _arus
102 _aRU
105 _ay |||||||||
200 1 _aСледователи
_e[Докум. рассказы]
210 _aЛьвов
_cКаменяр
_d1989
215 _a164, [2] с.
_d17
700 1 _aАнтоненко
_bБ.Т.
_gБорис Тихонович
801 0 _aRU
_bNLR
_gpsbo
801 1 _aRU
_bELAR
_2rusmarc
852 _aNLR
_j89-2/2501
942 _cBOOK
980 _aNB